00540nam a22001457a 4500020001800000082001800018100001800036245005100054260003300105300002100138880002700159942001200186999001900198952017700217 a9787543067028 a895.1351bSHE aShen, Congwen aBorder Town (Chinese Edition) /cCongwen Shen aChina :bWuhan Press,c2013. a361 p. ;c24 cm. 6245-02\ra边城(修 / 2ddccBK c591757d591757 00102ddc406895_135100000000000_SHE709582980aCLbCLcCHISTd2022-10-13eDonated by China Embassyl1m1o895.1351 SHEpCL-D-2063r2025-10-23s2025-09-16w2022-10-13yBK